| 000 | 00701cab a22001935a 4500 | ||
|---|---|---|---|
| 001 | L156937 | ||
| 008 | 120731s2012 xxka f 000 0 eng d | ||
| 035 | _a(Sirsi) u156937 | ||
| 041 | 0 | _aeng | |
| 100 | 1 | _aSmith, Jason A | |
| 245 | 0 | 0 |
_aBIM _ba contractor's perspective |
| 260 | _c2012 | ||
| 490 |
_aCivil Engineering Surveyor _vJuly/August 2012, 39-41(3) |
||
| 520 | _aExamines the overall impact that BIM will have on the UK contracting entities; analyses the benefits BIM can bring to the construction industry; and looks at the legal implications of contracting parties sharing information. | ||
| 651 | 4 |
_aUnited Kingdom _y |
|
| 690 |
_aBIM _96219 |
||
| 690 |
_aContracts _96232 |
||
| 942 | _n0 | ||
| 999 |
_c84205 _d84205 |
||